CULTURE AND PROSPERITY WHY SOME NATIONS (Record no. 28826)

MARC details
000 -LEADER
fixed length control field 00344nam a2200133Ia 4500
008 - FIXED-LENGTH DATA ELEMENTS--GENERAL INFORMATION
fixed length control field 240624s9999 xx 000 0 und d
041 ## - LANGUAGE CODE
Language code of text/sound track or separate title eng
082 ## - DEWEY DECIMAL CLASSIFICATION NUMBER
Classification number 330.12 KAY
100 ## - MAIN ENTRY--PERSONAL NAME
Personal name KAY JOHN
245 ## - TITLE STATEMENT
Title CULTURE AND PROSPERITY WHY SOME NATIONS
260 ## - PUBLICATION, DISTRIBUTION, ETC.
Date of publication, distribution, etc. 2005
Place of publication, distribution, etc. New York
Name of publisher, distributor, etc. HarperBusiness
300 ## - PHYSICAL DESCRIPTION
Extent viii, : 420 : p. : cm. ; 20
365 ## - TRADE PRICE
Currency code
Holdings
Withdrawn status Lost status Damaged status Not for loan Home library Current library Shelving location Date acquired Cost, normal purchase price Full call number Barcode Date last seen Copy number Price effective from Koha item type
        IMTN IMTN Rack 7-A 06/14/2017 15.95 330.12 KAY 28826 06/24/2024 66.6 06/24/2024 Books
Designed & Maintained by: LRC IMT Nagpur Contact: lrc@imtnag.ac.in© 2024. All Rights Reserved.